[Event "Wch U20 60th"]
[Site "Mexico City"]
[Date "2023.09.23"]
[Round "4"]
[White "Garzon Zapatanga, Christopher Leonel"]
[Black "Kanyamarala, Tarun"]
[Result "1-0"]
[WhiteElo "2079"]
[BlackElo "2329"]
[PlyCount "81"]
[EventDate "2023.09.21"]
[EventType "swiss"]
[EventRounds "11"]
[EventCountry "MEX"]
[SourceTitle "EXT 2024"]
[Source "ChessBase"]
[SourceDate "2023.10.10"]
[SourceVersion "1"]
[SourceVersionDate "2023.10.10"]
[SourceQuality "1"]

1. e4 c5 2. Nf3 d6 3. d4 cxd4 4. Nxd4 Nf6 5. f3 e5 6. Nb3 d5 7. Bg5 d4 8. c3 Nc6 9. Bb5 a5 10. cxd4 a4 11. d5 Qb6 12. Nc3 Bb4 13. Bxa4 Rxa4 14. dxc6 bxc6 15. Qd2 Nxe4 16. fxe4 Bxc3 17. Qxc3 Rxe4+ 18. Kd1 Bg4+ 19. Kc1 f6 20. Nc5 Re2 21. Bd2 Rxg2 22. a4 Qd8 23. a5 Qd5 24. Re1 Kf7 25. a6 Rd8 26. Nb3 Be6 27. a7 Rg4 28. Na5 c5 29. b3 Rd4 30. Nc4 Qg2 31. Be3 R4d7 32. Nb6 Rd3 33. Qc2 Qe4 34. a8Q Rxa8 35. Rxa8 Bxb3 36. Qxc5 Rd6 37. Ra7+ Kg6 38. Rxg7+ Kh5 39. Bd2 Qf3 40. Rxe5+ fxe5 41. Qxe5+ 1-0

[Event "South America-ch U14 17th"]
[Site "Guayaquil"]
[Date "2022.01.27"]
[Round "4"]
[White "Garzon Zapatanga, Christopher Leonel"]
[Black "Nagua Valladares, Kevin Joel"]
[Result "1-0"]
[WhiteElo "1918"]
[BlackElo "1108"]
[PlyCount "57"]
[EventDate "2022.01.25"]
[EventType "swiss"]
[EventRounds "9"]
[EventCountry "ECU"]
[SourceTitle "CBM 206 Extra"]
[Source "ChessBase"]
[SourceDate "2022.03.31"]
[SourceVersion "1"]
[SourceVersionDate "2022.03.31"]
[SourceQuality "1"]

1. e4 c5 2. Nf3 d6 3. d4 cxd4 4. Nxd4 Nf6 5. f3 g6 6. c4 Bg7 7. Nc3 Nc6 8. Be3 0-0 9. Be2 Bd7 10. Qd2 a6 11. 0-0 Rb8 12. Nc2 Qc7 13. Rac1 Nd8 14. Rfd1 Bc6 15. Na3 h5 16. b4 Ne6 17. Nd5 Qd8 18. Bb6 Qe8 19. Be3 b5 20. cxb5 Bxb5 21. Nxb5 axb5 22. Nc3 Nc7 23. Bd3 Nd7 24. f4 Nb6 25. Qe2 Nba8 26. f5 Kh7 27. e5 Bxe5 28. fxg6+ fxg6 29. Qxh5+ 1-0

[Event "South America-ch U20"]
[Site "Guayaquil"]
[Date "2021.11.07"]
[Round "9"]
[White "Flores Quillas, Diego Saul Rodrigo"]
[Black "Garzon Zapatanga, Christopher Leonel"]
[Result "1-0"]
[WhiteElo "2240"]
[BlackElo "1795"]
[PlyCount "151"]
[EventDate "2021.11.02"]
[EventType "swiss"]
[EventRounds "9"]
[EventCountry "ECU"]
[SourceTitle "CBM 205 Extra"]
[Source "ChessBase"]
[SourceDate "2022.01.31"]
[SourceVersion "1"]
[SourceVersionDate "2022.01.31"]
[SourceQuality "1"]

1. e4 c5 2. Nf3 d6 3. d4 cxd4 4. Nxd4 Nf6 5. f3 g6 6. c4 Bg7 7. Nc3 Nc6 8. Be3 Bd7 9. Qd2 Rc8 10. Rc1 a6 11. Be2 0-0 12. Nxc6 Bxc6 13. 0-0 Qd7 14. Nd5 Bxd5 15. cxd5 Rxc1 16. Rxc1 Rc8 17. Rc2 h5 18. Qc1 Rxc2 19. Qxc2 e6 20. dxe6 Qxe6 21. Bc4 d5 22. Bb3 Qe5 23. Qc5 b6 24. Qxb6 dxe4 25. f4 Qf5 26. h3 Qb5 27. Qxb5 axb5 28. Kf2 Kf8 29. Bc5+ Ke8 30. Ke3 Nd7 31. Bd4 Bxd4+ 32. Kxd4 f5 33. Bd5 Nb8 34. h4 Ke7 35. g3 Kd6 36. Bf7 Nc6+ 37. Ke3 Ne7 38. b4 Nd5+ 39. Kd4 Ne7 40. Be8 Nc6+ 41. Kc3 e3 42. Bxg6 Nxb4 43. Bxh5 Nxa2+ 44. Kd3 b4 45. Kxe3 b3 46. Kd2 b2 47. Kc2 Nc3 48. Kxb2 Ne4 49. Bf3 Nxg3 50. Kc3 Ke6 51. Kd4 Kf6 52. h5 Kg7 53. Ke5 Kh7 54. Ke6 Kg7 55. Bd1 Nf1 56. Be2 Ng3 57. Bf3 Kh7 58. Kf6 Kh6 59. Bd1 Nf1 60. Be2 Ng3 61. Bf3 Nf1 62. Kxf5 Ne3+ 63. Ke5 Nc4+ 64. Kd4 Nd6 65. Bg4 Ne8 66. Ke5 Ng7 67. Kf6 Ne8+ 68. Ke7 Ng7 69. Kf6 Ne8+ 70. Ke5 Ng7 71. Bf3 Ne8 72. Bd5 Kg7 73. Bc6 Nf6 74. h6+ Kf7 75. Bd5+ Ke7 76. Be6 1-0

[Event "South America-ch U20"]
[Site "Guayaquil"]
[Date "2021.11.02"]
[Round "1"]
[White "Tobar Beltran, Jorge Esteban"]
[Black "Garzon Zapatanga, Christopher Leonel"]
[Result "0-1"]
[WhiteElo "2046"]
[BlackElo "1795"]
[PlyCount "88"]
[EventDate "2021.11.02"]
[EventType "swiss"]
[EventRounds "9"]
[EventCountry "ECU"]
[SourceTitle "CBM 205 Extra"]
[Source "ChessBase"]
[SourceDate "2022.01.31"]
[SourceVersion "1"]
[SourceVersionDate "2022.01.31"]
[SourceQuality "1"]

1. d4 Nf6 2. Bg5 g6 3. Nc3 Bg7 4. e4 d6 5. f4 c6 6. Be2 Be6 7. Nf3 Nbd7 8. Qd2 Nb6 9. b3 c5 10. 0-0 cxd4 11. Nxd4 0-0 12. Nxe6 fxe6 13. e5 dxe5 14. Qxd8 Raxd8 15. fxe5 Nfd5 16. Nxd5 Rxf1+ 17. Rxf1 exd5 18. Bxe7 Re8 19. Bf6 Bxf6 20. Rxf6 Rxe5 21. Kf2 Kg7 22. Rd6 Kf7 23. Rd8 Re7 24. a4 a5 25. Bg4 Rc7 26. Bd1 Re7 27. Rd6 Re6 28. Rxe6 Kxe6 29. Ke3 Ke5 30. Bg4 Na8 31. Bc8 b6 32. c3 Nc7 33. b4 Ne8 34. g3 Nd6 35. Ba6 Ne4 36. bxa5 bxa5 37. c4 d4+ 38. Kf3 d3 39. Ke3 d2 40. Ke2 Kd4 41. c5 Nxc5 42. Bb5 Kc3 43. Kd1 Ne4 44. Ke2 Nf2 0-1

[Event "Hibrido del Sur op U2200"]
[Site "Porlamar"]
[Date "2021.08.27"]
[Round "2"]
[White "Vasquez Vargas, Henry Richard"]
[Black "Garzon Zapatanga, Christopher Leonel"]
[Result "0-1"]
[WhiteElo "2021"]
[BlackElo "1697"]
[PlyCount "154"]
[EventDate "2021.08.27"]
[EventType "swiss"]
[EventRounds "7"]
[EventCountry "VEN"]
[SourceTitle "EXT 2023"]
[Source "ChessBase"]
[SourceDate "2022.10.05"]
[SourceVersion "1"]
[SourceVersionDate "2022.10.05"]
[SourceQuality "1"]

1. d4 Nf6 2. c4 c5 3. d5 b5 4. Qc2 bxc4 5. e4 d6 6. Bxc4 g6 7. Nc3 Bg7 8. Nf3 0-0 9. 0-0 Ba6 10. Nd2 Nfd7 11. Bxa6 Nxa6 12. Nc4 Ne5 13. Nxe5 Bxe5 14. Bh6 Re8 15. f4 Bd4+ 16. Kh1 Rb8 17. f5 Qb6 18. Rab1 c4 19. Qd2 Bf6 20. Be3 Qc7 21. Bd4 Bxd4 22. Qxd4 Qc5 23. Qd2 Nb4 24. Na4 Qb5 25. Nc3 Qc5 26. e5 dxe5 27. f6 Qd4 28. Qh6 exf6 29. Rf3 e4 30. Rh3 f5 31. Qxh7+ Kf8 32. Qh6+ Qg7 33. Qe3 Nd3 34. Rf1 f4 35. Qxa7 Rxb2 36. Rxd3 cxd3 37. Qa3+ Kg8 38. Qxb2 Rc8 39. d6 e3 40. d7 Rd8 41. Qb6 Rxd7 42. Qb8+ Kh7 43. Qxf4 e2 44. Qh4+ Qh6 45. Qxh6+ Kxh6 46. Ra1 d2 47. Nxe2 d1Q+ 48. Rxd1 Rxd1+ 49. Ng1 Ra1 50. h3 Rxa2 51. Kh2 g5 52. Nf3 f5 53. Kg3 Kg6 54. Ng1 f4+ 55. Kh2 Kh5 56. Nf3 g4 57. hxg4+ Kxg4 58. Ne5+ Kf5 59. Nf3 Ke4 60. Kh3 Ke3 61. Nh4 Ra8 62. Nf5+ Kf2 63. Kg4 Ra4 64. Kh3 Rb4 65. Nh4 Ke3 66. Nf3 Rb8 67. Ng5 Rh8+ 68. Kg4 Rh2 69. Ne6 Rxg2+ 70. Kh3 Rg3+ 71. Kh2 Rg8 72. Nc5 f3 73. Nb3 Rh8+ 74. Kg1 f2+ 75. Kg2 Rg8+ 76. Kh2 f1Q 77. Nd2 Qg2# 0-1

[Event "ECU-ch Qual Blitz"]
[Site "Chess.com INT"]
[Date "2021.06.25"]
[Round "4"]
[White "Garzon Zapatanga, Christopher Leonel"]
[Black "Mendoza Zambrano, Jose Paul"]
[Result "1-0"]
[WhiteElo "2015"]
[BlackElo "1528"]
[PlyCount "93"]
[EventDate "2021.06.25"]
[EventType "swiss (blitz)"]
[EventRounds "9"]
[EventCountry "ECU"]
[SourceTitle "CBM 203 Extra"]
[Source "ChessBase"]
[SourceDate "2021.09.30"]
[SourceVersion "1"]
[SourceVersionDate "2021.09.30"]
[SourceQuality "1"]

1. e4 e6 2. d4 d5 3. e5 c5 4. c3 Nc6 5. Nf3 Qb6 6. Bd3 Bd7 7. 0-0 cxd4 8. cxd4 Nxd4 9. Nbd2 Nc6 10. Nb3 Qc7 11. Bf4 Nge7 12. Re1 Ng6 13. Bg3 Be7 14. Rc1 Qb6 15. h4 Rc8 16. Qe2 0-0 17. h5 Nh8 18. Nfd2 Nb4 19. Bb1 Rxc1 20. Rxc1 Rc8 21. Rxc8+ Bxc8 22. a3 Nc6 23. Qd3 g6 24. Kh2 Qc7 25. Nf3 b6 26. Nbd4 Nxd4 27. Nxd4 a5 28. Nb5 Qc5 29. Nd6 Bxd6 30. exd6 Bd7 31. f3 f5 32. Be5 Nf7 33. f4 Nxe5 34. fxe5 Qc4 35. Qxc4 dxc4 36. hxg6 hxg6 37. g4 Kf7 38. Kg3 Bc6 39. Kf4 Bd5 40. gxf5 gxf5 41. Bc2 Bc6 42. Bd1 Ke8 43. Kg5 Kd7 44. Kf4 Kd8 45. Be2 b5 46. a4 Kd7 47. Ke3 1-0

[Event "ECU Clasif2 U13"]
[Site "Chess.com INT"]
[Date "2020.12.18"]
[Round "5"]
[White "Garzon Zapatanga, Christopher Leonel"]
[Black "Ulloa Centeno, Leandro Nicolas"]
[Result "1-0"]
[WhiteElo "1697"]
[BlackElo "1353"]
[PlyCount "67"]
[EventDate "2020.12.18"]
[EventType "swiss"]
[EventRounds "9"]
[EventCountry "ECU"]
[SourceTitle "EXT 2022"]
[Source "ChessBase"]
[SourceDate "2021.10.06"]
[SourceVersion "1"]
[SourceVersionDate "2021.10.06"]
[SourceQuality "1"]

1. e4 e6 2. d4 d5 3. e5 c5 4. c3 Nc6 5. Nf3 Qb6 6. Bd3 Bd7 7. 0-0 Nge7 8. a3 g6 9. dxc5 Qxc5 10. Be3 Qa5 11. b4 Qc7 12. Bd4 Bg7 13. Re1 0-0 14. Nbd2 Rac8 15. Nb3 Nf5 16. Bxf5 exf5 17. Bc5 Rfe8 18. Bd6 Qb6 19. Nc5 Be6 20. Qd2 h6 21. Rad1 g5 22. h4 g4 23. Nd4 Nxd4 24. cxd4 Qc6 25. Rc1 Qb6 26. Rc2 Kh7 27. Rec1 f6 28. Nxe6 Rxc2 29. Qxc2 Rxe6 30. Qxf5+ Kh8 31. Rc8+ Bf8 32. Rxf8+ Kg7 33. Qxe6 Qc6 34. Qf7# 1-0

[Event "ECU Clasif2 U13"]
[Site "Chess.com INT"]
[Date "2020.12.18"]
[Round "8"]
[White "Obaco Cuenca, Dalthon Farid"]
[Black "Garzon Zapatanga, Christopher Leonel"]
[Result "0-1"]
[WhiteElo "1309"]
[BlackElo "1697"]
[PlyCount "42"]
[EventDate "2020.12.18"]
[EventType "swiss"]
[EventRounds "9"]
[EventCountry "ECU"]
[SourceTitle "EXT 2022"]
[Source "ChessBase"]
[SourceDate "2021.10.06"]
[SourceVersion "1"]
[SourceVersionDate "2021.10.06"]
[SourceQuality "1"]

1. e4 c5 2. Nf3 d6 3. d4 cxd4 4. Nxd4 Nf6 5. Nc3 g6 6. Bc4 Bg7 7. Be3 0-0 8. Qd2 Nc6 9. f3 Bd7 10. 0-0 Rc8 11. Nxc6 bxc6 12. Rad1 Qa5 13. Nd5 Qd8 14. Nxf6+ Bxf6 15. c3 Qa5 16. Bh6 Rfd8 17. Rfe1 Qc5+ 18. Be3 Qxc4 19. a3 a5 20. Bb6 Re8 21. Bxa5 Qc5+ 0-1

[Event "Wch FIDE Online U12 America qual"]
[Site "Tornelo INT"]
[Date "2020.12.02"]
[Round "3"]
[White "Garzon Zapatanga, Christopher Leonel"]
[Black "Zhao, Erick"]
[Result "0-1"]
[WhiteElo "1697"]
[BlackElo "2039"]
[PlyCount "130"]
[EventDate "2020.12.01"]
[EventType "swiss (rapid)"]
[EventRounds "7"]
[EventCountry "ISS"]
[SourceTitle "EXT 2022"]
[Source "ChessBase"]
[SourceDate "2021.10.06"]
[SourceVersion "1"]
[SourceVersionDate "2021.10.06"]
[SourceQuality "1"]

1. e4 c5 2. Nf3 d6 3. d4 cxd4 4. Nxd4 Nf6 5. Nc3 a6 6. Be2 e5 7. Nf3 Be7 8. Bg5 0-0 9. a4 Be6 10. Nd2 Nbd7 11. Bxf6 Nxf6 12. Nc4 b5 13. Ne3 b4 14. Ncd5 Nxe4 15. Bf3 f5 16. 0-0 Rb8 17. Bxe4 fxe4 18. Qe2 Bg5 19. Rad1 Qa5 20. b3 Bxe3 21. Nxe3 d5 22. Qh5 Qc7 23. Nxd5 Bxd5 24. Rxd5 Rbe8 25. Qe2 Qc6 26. Rfd1 Qf6 27. Rd6 Qh4 28. g3 Qg5 29. Qxe4 Rf7 30. Qd5 Qf5 31. Rd2 Ref8 32. Qc4 a5 33. Rd7 Kh8 34. Rxf7 Rxf7 35. Rd8+ Rf8 36. Rxf8+ Qxf8 37. Qd5 h6 38. Qxe5 Qd8 39. Kg2 Qb6 40. Qe8+ Kh7 41. Qe4+ Kh8 42. h4 Qc5 43. Qc4 Qe5 44. Qd3 Qc5 45. g4 Qc6+ 46. Kg3 Qc7+ 47. f4 Qc5 48. g5 Qg1+ 49. Kh3 Qh1+ 50. Kg4 hxg5 51. hxg5 Qg2+ 52. Kf5 Qc6 53. g6 Qf6+ 54. Kg4 Qe6+ 55. f5 Qb6 56. Qh3+ Kg8 57. Qh7+ Kf8 58. Qh8+ Ke7 59. Qxg7+ Kd8 60. Qf8+ Kd7 61. Qf7+ Kd8 62. Qd5+ Kc7 63. Qc4+ Kd8 64. Kg5 Qe3+ 65. Kf6 Qe7# 0-1

[Event "Wch FIDE Online U12 America qual"]
[Site "Tornelo INT"]
[Date "2020.12.02"]
[Round "2"]
[White "Ngo, Bach"]
[Black "Garzon Zapatanga, Christopher Leonel"]
[Result "0-1"]
[WhiteElo "2060"]
[BlackElo "1697"]
[PlyCount "86"]
[EventDate "2020.12.01"]
[EventType "swiss (rapid)"]
[EventRounds "7"]
[EventCountry "ISS"]
[SourceTitle "EXT 2022"]
[Source "ChessBase"]
[SourceDate "2021.10.06"]
[SourceVersion "1"]
[SourceVersionDate "2021.10.06"]
[SourceQuality "1"]

1. d4 Nf6 2. Nf3 g6 3. Nc3 d5 4. Bf4 c6 5. e3 Bg7 6. Be2 Nbd7 7. Ne5 Nxe5 8. Bxe5 Be6 9. h4 h5 10. Qd2 b5 11. f3 Qb6 12. Nd1 a5 13. a4 b4 14. Nf2 c5 15. Bb5+ Bd7 16. Bxd7+ Kxd7 17. dxc5 Qxc5 18. Rd1 e6 19. e4 Rhg8 20. Bd4 Qc6 21. Nd3 Nxe4 22. Qe3 Ng3 23. Bxg7 Ke8 24. Ne5 Qc7 25. Rh3 Nf5 26. Qe2 Rxg7 27. f4 Rc8 28. c3 Nd6 29. cxb4 axb4 30. Qd2 Qa5 31. Qd4 f6 32. Nd3 Ne4 33. b3 Rb7 34. Re3 Kf7 35. Kf1 Rc3 36. Nf2 Ng3+ 37. Ke1 Nf5 38. Qd2 Nxe3 39. Rc1 Nxg2+ 40. Kf1 Ne3+ 41. Ke2 Qa6+ 42. Nd3 d4 43. Rg1 Rc2 0-1

[Event "Wch FIDE Online U12 America qual"]
[Site "Tornelo INT"]
[Date "2020.12.01"]
[Round "1"]
[White "Garzon Zapatanga, Christopher Leonel"]
[Black "Camargo Silva, Samir"]
[Result "1-0"]
[WhiteElo "1697"]
[BlackElo "1310"]
[PlyCount "121"]
[EventDate "2020.12.01"]
[EventType "swiss (rapid)"]
[EventRounds "7"]
[EventCountry "ISS"]
[SourceTitle "EXT 2022"]
[Source "ChessBase"]
[SourceDate "2021.10.06"]
[SourceVersion "1"]
[SourceVersionDate "2021.10.06"]
[SourceQuality "1"]

1. e4 c5 2. Nc3 d6 3. d4 cxd4 4. Qxd4 Nf6 5. b3 e6 6. Bb2 Be7 7. f3 a5 8. a4 Bd7 9. 0-0-0 Nc6 10. Qd2 Rc8 11. Kb1 e5 12. Nb5 Nb4 13. c3 Bxb5 14. Bxb5+ Nc6 15. Ne2 h6 16. g4 Nh7 17. h4 g5 18. hxg5 Nxg5 19. Rdf1 Qb6 20. Qd3 Ne6 21. f4 Nc7 22. Bc4 Na6 23. Qd5 Nd8 24. fxe5 Rc5 25. Qd3 Rxe5 26. Qf3 f6 27. Nd4 Nc5 28. Rh5 Nxe4 29. Kc2 Ng5 30. Qd3 Nc6 31. Nf5 Qc5 32. Nxe7 Nxe7 33. Rxf6 Ne4 34. Rxe5 Qxe5 35. Re6 Qh2+ 36. Kb1 Nc5 37. Qg6+ Kd7 38. Bb5+ Kd8 39. Rxd6+ Kc7 40. Rd1 Rg8 41. Qf7 Qe5 42. c4 Qe4+ 43. Ka2 Rxg4 44. Qe8 Nc6 45. Bxc6 bxc6 46. Qd8+ Kb7 47. Qxa5 Rg5 48. Re1 Qh7 49. Qb4+ Ka6 50. Rc1 Qd3 51. Qc3 Qd7 52. b4 Nb7 53. b5+ Kb6 54. c5+ Rxc5 55. a5+ Ka7 56. b6+ Kb8 57. Qh8+ Qc8 58. Be5+ Nd6 59. Bxd6+ Kb7 60. Qxc8+ Kxc8 61. Bxc5 1-0

[Event "Online Olym Disabilities"]
[Site "Tornelo INT"]
[Date "2020.11.26"]
[Round "6.5"]
[White "Garzon Zapatanga, Christopher Leonel"]
[Black "Tazbir, Marcin"]
[Result "0-1"]
[WhiteElo "1697"]
[BlackElo "2513"]
[PlyCount "58"]
[EventDate "2020.11.21"]
[EventType "team-swiss (rapid)"]
[EventRounds "7"]
[EventCountry "NET"]
[SourceTitle "CBM 199 Extra"]
[Source "ChessBase"]
[SourceDate "2021.01.31"]
[SourceVersion "1"]
[SourceVersionDate "2021.01.31"]
[SourceQuality "1"]
[WhiteTeam "Ecuador"]
[BlackTeam "Poland"]
[WhiteTeamCountry "ECU"]
[BlackTeamCountry "POL"]

1. e4 c5 2. Nc3 Nc6 3. Nf3 e6 4. d4 cxd4 5. Nxd4 Qc7 6. Nb3 a6 7. Bd3 Nf6 8. 0-0 h5 9. h3 b5 10. a3 Bb7 11. Qe2 d6 12. f4 Be7 13. Bd2 h4 14. Rae1 Nh5 15. Qe3 g5 16. fxg5 Ne5 17. g6 Nxg6 18. Ne2 Bf6 19. Ned4 Be7 20. e5 Nxe5 21. Bc3 Rg8 22. Rf2 Bg5 23. Qe2 Nf4 24. Rxf4 Bxf4 25. Be4 Rc8 26. Qh5 Bxe4 27. Rxe4 Qb7 28. Re2 Qd5 29. Nd2 Be3+ 0-1